Comida de rico, comida de pobre : los hábitos alimenticios en el occidente andaluz : siglo XX /

Estudio antropológico de los hábitos alimenticios en la región española de Andalucía. La cocina de un pueblo como rasgo cultural que lo identifica, lo hace diferente, los usos culinarios en las fiestas, el mercado y el autoabasto alimenticio.

Enregistré dans:
Détails bibliographiques
Auteur principal: González Turmo, Isabel (autor)
Format: Livre
Langue:espagnol
Publié: Sevilla, España : Universidad de Sevilla, Secretariado de Publicaciones, 1997, c1997
Édition:2a edición
Collection:(Cultura Viva ; 10)
Sujets:
Tags: Ajouter un tag
Pas de tags, Soyez le premier à ajouter un tag!

MARC

LEADER 00000nam^a2200000^a^4500
001 000120344
005 20250521000000.0
009 20260526123034.772
020 |a 84-472-0225-9 
037 |a Acervo ITESO - Biblioteca 
041 |a ESP 
082 |a 306. 409468  |b GON 
100 |a González Turmo, Isabel  |e (autor) 
245 1 0 |a Comida de rico, comida de pobre :  |b los hábitos alimenticios en el occidente andaluz : siglo XX /  |c I. Gonzalez Turmo ; pról. de Isidoro Moreno. 
250 |a 2a edición 
264 4 |a Sevilla, España :  |b Universidad de Sevilla, Secretariado de Publicaciones,  |c 1997, c1997 
300 |a 348 p. 
336 |a texto  |b txt  |2 rdacontenido 
337 |a sin mediación  |b n  |2 rdamedio 
338 |a volumen  |b nc  |2 rdasoporte 
440 1 |a (Cultura Viva ;  |v 10) 
520 |a Estudio antropológico de los hábitos alimenticios en la región española de Andalucía. La cocina de un pueblo como rasgo cultural que lo identifica, lo hace diferente, los usos culinarios en las fiestas, el mercado y el autoabasto alimenticio. 
649 |a XX 
650 |a Alimentos y Bebidas -  |z Andalucía, España -  |x Historia -  |y Siglo XX 
650 |a Hábitos Alimenticios 
650 |a Cocina Española -  |x Historia 
650 |a Gastronomía -  |z Andalucía, España 
650 |a Fiestas -  |z Andalucía, España 
650 |a Prácticas Culturales -  |z Andalucía, España 
650 |a Andalucía, España -  |x Condiciones Sociales y Culturales 
650 |a Antropología Cultural 
650 |a Sociología de la Cultura 
910 |a Fondo General 
920 |a Impresos - Libros 
930 |a Colección General 
905 |a 101 
901 |a 0500055148  |b IT1  |c ACC  |u 20250521 
902 |a https://opac.biblio.iteso.mx/vufind/Record/000120344